Ochrana obchodu

Opatrenia v rámci spoločnej obchodnej politiky EÚ a integrácia Česka do tohto systému. Opatrenia pri dovoze oceliarskych výrobkov, textilných a odevných výrobkov. Systém dvojitej kontroly.

Uložené v:
Podrobná bibliografia
Hlavný autor: Leitgeb, Svatopluk
Médium: Kapitola
Jazyk:Czech
Predmet:
Tagy: Pridať tag
Žiadne tagy, Buďte prvý, kto otaguje tento záznam!

MARC

LEADER 00000naa$a2200000$$$4500
001 0002039
005 20231103084845.3
041 0 |a cze 
044 |a CZ 
245 1 0 |a Ochrana obchodu  |c Svatopluk Leitgeb 
500 |a Dokončenie príspevku, ktorý bol uverejnený v č. 10/2003 tohto časopisu 
520 |a Opatrenia v rámci spoločnej obchodnej politiky EÚ a integrácia Česka do tohto systému. Opatrenia pri dovoze oceliarskych výrobkov, textilných a odevných výrobkov. Systém dvojitej kontroly. 
610 2 0 |a Česko 
610 2 0 |a politika obchodná 
610 2 0 |a Európska únia 
610 2 0 |a integrácia 
100 1 |a Leitgeb, Svatopluk